00638nam a22002057a 450000500170000001000260001702000270004302000270007003500140009703500140011103700090012508200100013410000240014424500560016826000430022427000730026730000330034049000080037350000510038120250108150212.0 aENG-141681 ENG-143257 a9789388658782c1250.00 a9789392176845c1500.00 aEN-125213 aEN-126789 bDBAD a230.2 aPadhi Rama Chandra  aPhilosophy of The Supreme/cBy Rama Chandra Padhi  aNew Delhi bNational Paperbacks c2023 a4230/1, Ansari Road, Darya Ganj bNew Delhi e110002k011-41040710 acxv,=323p. c25cm.(Hb)b,ill v1,2 aThe Spiritual Science of God and His Creation/